Interpretácia štatistiky a dát podporný učebný materiál

Salvato in:
Dettagli Bibliografici
Autore principale: Terek, Milan
Altri autori: Labudová, Viera, 1958-, Piovarči, Andrej
Natura: Libro
Lingua:slovacco
Pubblicazione: Košice Equilibria 2014
Edizione:3. dopl. vyd.
Soggetti:
Tags: Aggiungi Tag
Nessun Tag, puoi essere il primo ad aggiungerne!!

MARC

LEADER 00000nam a2200000 4500
001 0186839
005 20240502073206.6
020 |a 978-80-8143-138-8 
041 0 |a slo 
044 |a SK 
245 1 0 |a Interpretácia štatistiky a dát  |b podporný učebný materiál  |c Milan Terek ; recenzenti Viera Labudová, Andrej Piovarči 
250 |a 3. dopl. vyd. 
264 1 |a Košice  |b Equilibria  |c 2014 
300 |a 173 s. [9 AH] 
610 2 0 |a štatistika 
610 2 0 |a dáta 
610 2 0 |a teória pravdepodobnosti 
610 2 0 |a indukcia štatistická 
610 2 0 |a regresia 
610 2 0 |a korelácia 
610 2 0 |a analýza regresná 
610 2 0 |a analýza korelačná 
100 1 |a Terek, Milan 
700 1 |a Labudová, Viera, 1958- 
700 1 |a Piovarči, Andrej